Normal view MARC view
  • Ashraf Nausheen

Entry Personal Name

Number of records used in: 1

001 - CONTROL NUMBER

  • control field: 131636

003 - CONTROL NUMBER IDENTIFIER

  • control field: NUST

005 - DATE AND TIME OF LATEST TRANSACTION

  • control field: 20251029162954.0

008 - FIXED-LENGTH DATA ELEMENTS

  • fixed length control field: 251029|| aca||aabn | a|a d

040 ## - CATALOGING SOURCE

  • Original cataloging agency: NUST
  • Transcribing agency: NUST

100 ## - HEADING--PERSONAL NAME

  • Personal name: Ashraf Nausheen

670 ## - SOURCE DATA FOUND

  • Source citation: Work cat.: (NUST): Ashraf Nausheen, Simultaneous Wireless Information and Power Transfer (SWIPT) assisted energy harvesting for cooperative Internet of Things (IoT) network/
© 2023 Central Library, National University of Sciences and Technology. All Rights Reserved.